Statystyki dla Olympique Marsylia 2019/2020

Kliknij tutaj aby rozwiązać quiz!

Ogólne statystyki

  • Ten quiz został rozwiązany 54 razy
  • Średni wynik to 7 z 26

Statystyki odpowiedzi

PozycjaImię i Nazwisko% Poprawnych
BramkarzSteve Mandanda
87%
NapastnikDimitri Payet
70%
NapastnikFlorian Thauvin
59%
ObrońcaBouna Sarr
43%
NapastnikValere Germain
41%
PomocnikMaxime Lopez
39%
ObrońcaDuje Caleta-Car
35%
ObrońcaJordan Amavi
35%
NapastnikDarío Benedetto
33%
ObrońcaHiroki Sakai
33%
PomocnikKevin Strootman
33%
ObrońcaBoubacar Kamara
30%
PomocnikMorgan Sanson
30%
BramkarzYohann Pele
28%
BramkarzAhmadou Dia
17%
PomocnikLuiz Gustavo
13%
ObrońcaAlvaro Gonzalez
11%
ObrońcaLucas Perrin
9%
NapastnikNemanja Radonjic
9%
ObrońcaAbdallah Ali Mohamed
7%
PomocnikFlorian Chabrolle
7%
PomocnikGregory Sertic
7%
NapastnikMarley Ake
7%
PomocnikAlexandre Phliponeau
4%
PomocnikSaif-Eddine Khaoui
4%
ObrońcaChristopher Rocchia
0%

Rozkład punktacji

Percentyl według liczby udzielonych odpowiedzi

Procent ludzi z każdym wynikiem

Twoja historia wyników

Nie rozwiązałeś tego quizu